000 00723nam a22002177a 4500
005 20251108165020.0
008 250721s1994 xx 000 0 ara d
082 1 4 _a926.1/سعي
100 1 _aالسعيد، عبد الله عبد الرازق مسعود
245 1 0 _aمن رواد الطب عند المسلمين و العرب في القرن الأول الهجري و في الأردن و فلسطين /
264 1 _aعمان :
_bمكتبة الأقصى،
_c1994.
300 _a128ص
650 1 7 _aالأطباء
650 1 7 _aالعرب
650 1 7 _aالتاريخ السياسي
650 1 7 _aالأردن
650 1 7 _aفلسطين
650 1 7 _aالتراجم
942 _2ddc
_cBK
999 _c19952
_d19952